[Event "WYCC Girls U18"]
[Site "Porto Carras"]
[Date "2015.10.25"]
[Round "1.3"]
[White "Uzlavataya, Anhelina"]
[Black "Styazhkina, Anna"]
[Result "0-1"]
[WhiteElo "1936"]
[BlackElo "2318"]
[PlyCount "132"]
[EventDate "2015.??.??"]
[WhiteClock "0:04:38"]
[BlackClock "0:03:33"]

1. Nf3 d5 2. g3 c6 3. Bg2 Bg4 4. d4 Nd7 5. O-O e6 6. Nbd2 Bd6 7. e4 Ne7 8. e5
Bc7 9. c3 c5 10. Nb3 c4 11. Nbd2 O-O 12. Re1 Nc6 13. Nf1 b5 14. h3 Bxf3 15.
Qxf3 b4 16. Qg4 Ba5 17. Bh6 g6 18. Bxf8 Nxf8 19. Rac1 Rb8 20. Ne3 Qc8 21. Qf3
Ne7 22. Ng4 Nf5 23. Nf6+ Kh8 24. Re2 Nd7 25. Nxd7 Qxd7 26. g4 Ng7 27. h4 Qe7
28. cxb4 Bxb4 29. b3 c3 30. a3 Ba5 31. b4 Bb6 32. Qxc3 Qxh4 33. Qf3 Bxd4 34.
Qxf7 Qg5 35. Rec2 Qd8 36. Qf6 Qg8 37. Qf4 Bb6 38. Qg3 Rf8 39. a4 a6 40. Bf3 Qf7
41. Kg2 Ne8 42. Rc6 Bd4 43. Rd1 Ba7 44. Rxa6 Bb8 45. Rc6 Nf6 46. Rc3 Nd7 47.
Re3 Qe7 48. Rb1 Nb6 49. a5 Nc4 50. Re2 Qg5 51. Rb3 Nxe5 52. Qh3 Rf4 53. Rxe5
Qxe5 54. b5 Ra4 55. Qh4 Qd6 56. Rc3 Qf8 57. a6 Ra2 58. Bd1 g5 59. Rc8 Qxc8 60.
Qxg5 Qf8 61. Qe3 Qf4 62. Qc3+ Be5 63. Qc8+ Kg7 64. Qd7+ Qf7 65. Qxf7+ Kxf7 66.
Bb3 Ra5 0-1

[Event "WYCC Girls U18"]
[Site "Porto Carras"]
[Date "2015.10.25"]
[Round "1.4"]
[White "Blagojevic, Tijana"]
[Black "Kakulidis, Ellen"]
[Result "1-0"]
[WhiteElo "2315"]
[BlackElo "1930"]
[PlyCount "87"]
[EventDate "2015.??.??"]
[WhiteClock "0:30:53"]
[BlackClock "0:22:01"]

1. e4 c5 2. Nf3 e6 3. c4 Nc6 4. d4 cxd4 5. Nxd4 a6 6. Nc3 Qc7 7. a3 Nf6 8. Be2
Nxd4 9. Qxd4 Bc5 10. Qd3 Be7 11. O-O O-O 12. Be3 d6 13. Rfd1 Bd7 14. Rac1 Rfd8
15. Bf4 Be8 16. Qg3 Kh8 17. e5 dxe5 18. Bxe5 Rxd1+ 19. Rxd1 Qa5 20. Bc7 Qf5 21.
Bd3 Qg4 22. Qxg4 Nxg4 23. Ne4 Bc6 24. b4 Nf6 25. Nd6 Kg8 26. Bc2 Ne8 27. Nxe8
Rxe8 28. f3 Rc8 29. Bb6 g6 30. Kf2 Kf8 31. Bb3 Ke8 32. Ke3 Bd8 33. Bc5 Bc7 34.
a4 b6 35. Bd4 h5 36. h3 Ke7 37. Ke2 Bb7 38. Rc1 Rd8 39. Be3 a5 40. b5 Bg3 41.
Bxb6 Ra8 42. c5 Bd5 43. Bxd5 exd5 44. c6 1-0

[Event "WYCC Girls U18"]
[Site "Porto Carras"]
[Date "2015.10.25"]
[Round "1.5"]
[White "Grgic, Neomi"]
[Black "Khomeriki, Nino"]
[Result "0-1"]
[WhiteElo "1927"]
[BlackElo "2295"]
[PlyCount "82"]
[EventDate "2015.??.??"]
[WhiteClock "0:33:06"]
[BlackClock "0:42:38"]

1. e4 e5 2. Nf3 Nc6 3. Bb5 a6 4. Ba4 Nf6 5. O-O Be7 6. Re1 b5 7. Bb3 d6 8. c3
O-O 9. d4 Bg4 10. d5 Na5 11. Bc2 c6 12. b4 Nc4 13. dxc6 Qc7 14. a4 Qxc6 15. Qe2
Rfc8 16. Bd3 Be6 17. Na3 bxa4 18. Nxc4 Bxc4 19. Bxc4 Qxc4 20. Bb2 Qb5 21. Qc2
Qxb4 22. Rxa4 Qb5 23. c4 Qc6 24. Nd2 Nd7 25. Rea1 Nc5 26. R4a2 Bg5 27. Nf3 h6
28. Nxg5 hxg5 29. f3 Rab8 30. Ba3 Nb3 31. Rd1 Nd4 32. Qf2 Rb3 33. Bb2 Ne6 34.
Ba3 Qxc4 35. Bxd6 Rd3 36. Rad2 Rxd2 37. Qxd2 Rd8 38. Qd5 Qe2 39. Ra1 Nf4 40.
Qa2 Qxa2 41. Rxa2 Rxd6 0-1

[Event "WYCC Girls U18"]
[Site "Porto Carras"]
[Date "2015.10.25"]
[Round "1.7"]
[White "Sahin, Handenur"]
[Black "Heinemann, Josefine"]
[Result "0-1"]
[WhiteElo "1923"]
[BlackElo "2253"]
[PlyCount "110"]
[EventDate "2015.??.??"]

1. d4 Nf6 2. Nf3 g6 3. Bg5 Bg7 4. Nbd2 d6 5. e4 h6 6. Bh4 g5 7. Bg3 Nh5 8. c3
e6 9. Qc2 Qe7 10. e5 Nc6 11. O-O-O Nxg3 12. hxg3 dxe5 13. Nxe5 Nxe5 14. dxe5
Bd7 15. Be2 O-O-O 16. Bf3 Qc5 17. Nb3 Qxe5 18. Rhe1 Qb5 19. Re4 Bc6 20. Rb4 Qe5
21. Bxc6 bxc6 22. Nd4 Qd5 23. Qa4 Rd6 24. Qxa7 c5 25. Rb5 Qxg2 26. Rxc5 Qb7 27.
Qxb7+ Kxb7 28. Rxc7+ Kxc7 29. Nb5+ Kc6 30. Nxd6 f5 31. Nc4 h5 32. Nd2 h4 33.
Nf3 hxg3 34. fxg3 Rh3 35. Rd3 g4 36. Nd4+ Bxd4 37. cxd4 Kd5 38. Kd2 Ke4 39.
Re3+ Kxd4 40. Rd3+ Ke4 41. Re3+ Kd5 42. a4 e5 43. a5 f4 44. gxf4 exf4 45. Rd3+
Kc4 46. b3+ Kc5 47. b4+ Kc4 48. Rd7 Rh2+ 49. Ke1 g3 50. Rg7 Kd3 51. Rd7+ Ke3
52. Re7+ Kf3 53. a6 Ra2 54. a7 g2 55. Rg7 Rxa7 0-1

[Event "WYCC Girls U18"]
[Site "Porto Carras"]
[Date "2015.10.25"]
[Round "1.9"]
[White "Muratova, Anel"]
[Black "Wozniak, Mariola"]
[Result "0-1"]
[WhiteElo "1912"]
[BlackElo "2211"]
[PlyCount "68"]
[EventDate "2015.??.??"]
[WhiteClock "0:00:43"]
[BlackClock "0:09:14"]

1. e4 c5 2. Nf3 d6 3. c3 Nf6 4. h3 Nc6 5. Bd3 d5 6. e5 c4 7. Bc2 Ne4 8. d4 cxd3
9. Bxd3 g6 10. O-O Bg7 11. Bf4 O-O 12. Re1 Qb6 13. Qe2 Bf5 14. Rd1 Rfd8 15. Na3
a6 16. c4 Nb4 17. Bb1 Rac8 18. Bh2 Bh6 19. cxd5 Nxf2 20. Rd4 Nxh3+ 21. gxh3
Rc1+ 22. Kg2 Nxd5 23. Nc4 Rxc4 24. Rxd5 Rxd5 25. Bxf5 Rb4 26. Bg1 Qb5 27. Qxb5
Rdxb5 28. Bd3 Rd5 29. Bf1 Rxb2+ 30. Kg3 Ra5 31. Bc4 Ra4 32. Bd4 Rxc4 33. Bxb2
Bf4+ 34. Kf2 Rc2+ 0-1

[Event "WYCC Girls U18"]
[Site "Porto Carras"]
[Date "2015.10.25"]
[Round "1.10"]
[White "Amrayeva, Aytan"]
[Black "Srija, Seshadri"]
[Result "1-0"]
[WhiteElo "2193"]
[BlackElo "1911"]
[PlyCount "55"]
[EventDate "2015.??.??"]
[WhiteClock "0:35:02"]
[BlackClock "0:49:02"]

1. c4 e5 2. Nc3 Nf6 3. e4 Nc6 4. g3 Bc5 5. Bg2 d6 6. h3 Be6 7. Nd5 Nd4 8. d3 c6
9. Nxf6+ Qxf6 10. Nf3 d5 11. exd5 cxd5 12. Nxd4 Bxd4 13. O-O dxc4 14. Bxb7 Rb8
15. Bc6+ Ke7 16. Qh5 Qg6 17. Qh4+ Kd6 18. Be4 f5 19. Bg2 cxd3 20. Rd1 Kd7 21.
Rxd3 f4 22. Rd1 h5 23. Bxf4 Ke8 24. Rxd4 exf4 25. Qxf4 Rxb2 26. Qc7 Qf6 27.
Bc6+ Kf8 28. Rd8+ 1-0

[Event "WYCC Girls U18"]
[Site "Porto Carras"]
[Date "2015.10.25"]
[Round "1.11"]
[White "Jedrocha, Katarzyna"]
[Black "Assaubayeva, Bibisara"]
[Result "0-1"]
[WhiteElo "1907"]
[BlackElo "2183"]
[PlyCount "68"]
[EventDate "2015.??.??"]
[WhiteClock "0:16:24"]
[BlackClock "0:01:15"]

1. Nf3 d5 2. g3 Bg4 3. Bg2 c6 4. c4 e6 5. O-O Nf6 6. d3 Be7 7. Be3 dxc4 8. dxc4
Qxd1 9. Rxd1 Nbd7 10. Nc3 e5 11. Rac1 O-O 12. Ng5 Rfd8 13. h3 Bh5 14. Nf3 Ne8
15. Rc2 f6 16. Rcd2 Nb6 17. Bxb6 axb6 18. Rd7 Kf8 19. g4 Bf7 20. Rxb7 Rxd1+ 21.
Nxd1 Rxa2 22. Kh2 Bxc4 23. Rxb6 Bxe2 24. Nc3 Ra6 25. Rb7 Bd3 26. Nh4 Nd6 27.
Rc7 e4 28. f4 Ke8 29. Nf5 Nxf5 30. gxf5 Bd6 31. Rxg7 Bxf4+ 32. Kg1 Be3+ 33. Kh2
Bf4+ 34. Kg1 Be3+ 0-1

[Event "WYCC Girls U18"]
[Site "Porto Carras"]
[Date "2015.10.25"]
[Round "1.12"]
[White "Terbe, Julianna"]
[Black "Parpieva, Nodirabegim"]
[Result "1/2-1/2"]
[WhiteElo "2181"]
[BlackElo "1901"]
[PlyCount "92"]
[EventDate "2015.??.??"]
[WhiteClock "0:11:30"]
[BlackClock "0:13:32"]

1. Nf3 Nf6 2. c4 c5 3. Nc3 e6 4. g3 b6 5. Bg2 Bb7 6. O-O Be7 7. Re1 Ne4 8. Nxe4
Bxe4 9. d3 Bb7 10. e4 d6 11. d4 cxd4 12. Nxd4 O-O 13. Be3 a6 14. Qd2 Nd7 15.
Rad1 Qc7 16. b3 Nc5 17. f3 Rad8 18. Qf2 Rfe8 19. b4 Nd7 20. Rc1 Qb8 21. a3 d5
22. cxd5 exd5 23. exd5 Bxd5 24. Nc6 Bxc6 25. Rxc6 Bf6 26. f4 Re6 27. Rxe6 fxe6
28. Qa2 Qd6 29. f5 Nf8 30. Bf4 Qd4+ 31. Kh1 Qc3 32. Rb1 Kh8 33. fxe6 b5 34. h4
Re8 35. Bd5 Qd4 36. Rf1 Nxe6 37. Re1 Nc7 38. Rxe8+ Nxe8 39. Bf7 Qd7 40. Kh2 Bd4
41. Be6 Qc6 42. Bf5 Nf6 43. Qe2 Qd5 44. Bc8 Qc6 45. Bf5 Qd5 46. Bc8 Qc6 1/2-1/2

[Event "WYCC Girls U18"]
[Site "Porto Carras"]
[Date "2015.10.26"]
[Round "2.2"]
[White "Choladze, Mariam"]
[Black "Derakhshani, Dorsa"]
[Result "0-1"]
[BlackElo "2356"]
[WhiteElo "2095"]
[LiveChessVersion "1.4.6"]

1. e4 {[%clk 1:30:54]} e5 {[%clk 1:30:54]} 2. Nf3 {[%clk 1:31:15]} Nc6
{[%clk 1:31:20]} 3. Bb5 {[%clk 1:31:24]} d6 {[%clk 1:31:45]} 4. c3
{[%clk 1:30:42]} a6 {[%clk 1:31:33]} 5. Ba4 {[%clk 1:31:09]} Bd7 {[%clk 1:31:49]}
6. O-O {[%clk 1:30:27]} g6 {[%clk 1:31:54]} 7. d4 {[%clk 1:25:58]} Bg7
{[%clk 1:30:24]} 8. Bg5 {[%clk 1:18:29]} Nge7 {[%clk 1:28:03]} 9. dxe5
{[%clk 1:15:28]} dxe5 {[%clk 1:28:15]} 10. Qe2 {[%clk 1:14:37]} O-O
{[%clk 1:27:16]} 11. Rd1 {[%clk 1:10:51]} Qe8 {[%clk 1:24:54]} 12. Nbd2
{[%clk 1:05:46]} Nc8 {[%clk 1:22:06]} 13. Bb3 {[%clk 0:59:17]} h6
{[%clk 1:11:57]} 14. Be3 {[%clk 0:58:19]} Qe7 {[%clk 1:06:08]} 15. Bd5
{[%clk 0:52:53]} a5 {[%clk 0:57:14]} 16. b4 {[%clk 0:42:45]} axb4
{[%clk 0:57:04]} 17. cxb4 {[%clk 0:42:58]} Nd4 {[%clk 0:45:11]} 18. Bxd4
{[%clk 0:42:45]} exd4 {[%clk 0:45:32]} 19. Bxb7 {[%clk 0:41:53]} Rb8
{[%clk 0:45:26]} 20. Bxc8 {[%clk 0:40:49]} Rfxc8 {[%clk 0:45:42]} 21. e5
{[%clk 0:31:25]} Rxb4 {[%clk 0:30:08]} 22. Nc4 {[%clk 0:26:01]} c5
{[%clk 0:29:35]} 23. a3 {[%clk 0:24:47]} Rbb8 {[%clk 0:29:23]} 24. a4
{[%clk 0:22:33]} Rb4 {[%clk 0:28:15]} 25. Nd6 {[%clk 0:21:30]} Ra8
{[%clk 0:23:26]} 26. a5 {[%clk 0:18:57]} Ba4 {[%clk 0:23:47]} 27. Re1
{[%clk 0:11:33]} Rxa5 {[%clk 0:23:38]} 28. Qa2 {[%clk 0:11:18]} Qe6
{[%clk 0:19:10]} 29. Qxe6 {[%clk 0:08:12]} fxe6 {[%clk 0:19:38]} 30. Nd2
{[%clk 0:08:26]} Ra8 {[%clk 0:17:40]} 31. Rac1 {[%clk 0:07:44]} Rb2
{[%clk 0:16:21]} 32. N2c4 {[%clk 0:06:56]} Rc2 {[%clk 0:15:05]} 33. Ne4
{[%clk 0:01:27]} Rxc1 {[%clk 0:14:37]} 34. Rxc1 {[%clk 0:01:56]} Bb3
{[%clk 0:12:38]} 35. f4 {[%clk 0:01:15]} Bxc4 {[%clk 0:11:07]} 36. Rxc4
{[%clk 0:01:41]} Bf8 {[%clk 0:11:33]} 37. Kf2 {[%clk 0:01:03]} Ra5
{[%clk 0:06:33]} 38. Kf3 0-1

[Event "WYCC Girls U18"]
[Site "Porto Carras"]
[Date "2015.10.26"]
[Round "2.3"]
[White "Styazhkina, Anna"]
[Black "Harazinska, Ewa"]
[Result "0-1"]
[BlackElo "2087"]
[WhiteElo "2318"]
[LiveChessVersion "1.4.6"]

1. e4 {[%clk 1:30:57]} c5 {[%clk 1:30:55]} 2. Nf3 {[%clk 1:31:12]} d6
{[%clk 1:31:20]} 3. d4 {[%clk 1:31:35]} cxd4 {[%clk 1:31:47]} 4. Nxd4
{[%clk 1:31:49]} Nf6 {[%clk 1:32:11]} 5. Nc3 {[%clk 1:32:10]} a6 {[%clk 1:32:39]}
6. f3 {[%clk 1:32:28]} e5 {[%clk 1:32:12]} 7. Nb3 {[%clk 1:32:33]} h5
{[%clk 1:32:03]} 8. Be3 {[%clk 1:32:31]} Be6 {[%clk 1:32:08]} 9. Qd2
{[%clk 1:32:36]} Nbd7 {[%clk 1:32:16]} 10. Nd5 {[%clk 1:32:51]} Bxd5
{[%clk 1:30:59]} 11. exd5 {[%clk 1:33:11]} Nb6 {[%clk 1:29:36]} 12. c4
{[%clk 1:31:56]} Rc8 {[%clk 1:11:54]} 13. Rc1 {[%clk 1:29:05]} Be7
{[%clk 1:04:26]} 14. Be2 {[%clk 1:28:46]} h4 {[%clk 0:53:24]} 15. O-O
{[%clk 1:24:33]} O-O {[%clk 0:51:18]} 16. Na5 {[%clk 1:22:56]} Qc7
{[%clk 0:47:43]} 17. b4 {[%clk 1:20:36]} Nbd7 {[%clk 0:38:46]} 18. a3
{[%clk 1:13:10]} Qb8 {[%clk 0:33:38]} 19. Rfd1 {[%clk 1:00:14]} Rfe8
{[%clk 0:30:20]} 20. Nb3 {[%clk 0:48:15]} b6 {[%clk 0:27:20]} 21. Bf2
{[%clk 0:39:01]} Nh7 {[%clk 0:23:56]} 22. Bd3 {[%clk 0:33:30]} g6
{[%clk 0:22:04]} 23. Be3 {[%clk 0:31:52]} Rc7 {[%clk 0:19:47]} 24. a4
{[%clk 0:30:25]} Qd8 {[%clk 0:15:38]} 25. a5 {[%clk 0:26:51]} Bg5
{[%clk 0:15:38]} 26. axb6 {[%clk 0:24:28]} Nxb6 {[%clk 0:15:44]} 27. Na5
{[%clk 0:23:09]} h3 {[%clk 0:11:07]} 28. g3 {[%clk 0:20:54]} Qf6 {[%clk 0:10:50]}
29. Be2 {[%clk 0:15:15]} Nc8 {[%clk 0:06:50]} 30. Nc6 {[%clk 0:08:58]} Ne7
{[%clk 0:05:48]} 31. Nxe7+ {[%clk 0:07:37]} Rexe7 {[%clk 0:05:50]} 32. c5
{[%clk 0:05:00]} Red7 {[%clk 0:06:02]} 33. c6 {[%clk 0:04:51]} Rd8
{[%clk 0:06:24]} 34. Ra1 {[%clk 0:04:52]} Rb8 {[%clk 0:06:23]} 35. Rdb1
{[%clk 0:04:52]} Bxe3+ {[%clk 0:05:10]} 36. Qxe3 {[%clk 0:05:20]} e4
{[%clk 0:05:29]} 37. Qxe4 {[%clk 0:04:15]} Re7 {[%clk 0:04:36]} 38. Qc4
{[%clk 0:03:18]} Rxb4 {[%clk 0:03:09]} 39. Qxb4 {[%clk 0:01:56]} Rxe2
{[%clk 0:03:36]} 40. Qf4 {[%clk 0:30:48]} Qc3 {[%clk 0:33:19]} 41. g4
{[%clk 0:16:29]} Rg2+ {[%clk 0:28:46]} 42. Kh1 {[%clk 0:16:15]} g5
{[%clk 0:28:58]} 43. Rc1 {[%clk 0:04:44]} Qd3 {[%clk 0:25:43]} 44. Rd1
{[%clk 0:02:13]} Qe2 {[%clk 0:25:46]} 45. Re1 {[%clk 0:00:46]} Rg1+
{[%clk 0:24:46]} 46. Rxg1 {[%clk 0:01:10]} gxf4 {[%clk 0:25:14]} 47. Ra3
{[%clk 0:01:20]} Ng5 {[%clk 0:25:06]} 48. c7 {[%clk 0:01:30]} Qc2
{[%clk 0:25:26]} 49. Rxa6 {[%clk 0:01:06]} Nxf3 {[%clk 0:24:51]} 50. Ra2
{[%clk 0:00:59]} Qxc7 {[%clk 0:25:07]} 51. Rf1 {[%clk 0:01:23]} Qc4
{[%clk 0:25:18]} 52. Raf2 {[%clk 0:01:40]} Ng5 {[%clk 0:25:35]} 53. Rxf4
{[%clk 0:01:41]} Qxd5+ {[%clk 0:25:59]} 54. Kg1 {[%clk 0:02:07]} Qg2#
{[%clk 0:26:22]} 0-1

[Event "WYCC Girls U18"]
[Site "Porto Carras"]
[Date "2015.10.26"]
[Round "2.4"]
[White "Machlik, Monika"]
[Black "Blagojevic, Tijana"]
[Result "1/2-1/2"]
[BlackElo "2315"]
[WhiteElo "2070"]
[LiveChessVersion "1.4.6"]

1. e4 {[%clk 1:30:59]} e5 {[%clk 1:30:48]} 2. Nf3 {[%clk 1:31:24]} Nc6
{[%clk 1:31:12]} 3. Bb5 {[%clk 1:31:50]} g6 {[%clk 1:30:48]} 4. O-O
{[%clk 1:26:42]} Bg7 {[%clk 1:30:30]} 5. c3 {[%clk 1:24:01]} a6 {[%clk 1:30:16]}
6. Ba4 {[%clk 1:21:39]} Nge7 {[%clk 1:30:20]} 7. d4 {[%clk 1:19:04]} exd4
{[%clk 1:30:40]} 8. cxd4 {[%clk 1:04:08]} b5 {[%clk 1:30:42]} 9. Bb3
{[%clk 0:57:59]} O-O {[%clk 1:30:10]} 10. Nc3 {[%clk 0:53:26]} Na5
{[%clk 1:30:21]} 11. Bc2 {[%clk 0:52:26]} d6 {[%clk 1:30:18]} 12. a4
{[%clk 0:47:56]} b4 {[%clk 1:29:39]} 13. Ne2 {[%clk 0:45:12]} Bg4
{[%clk 1:27:10]} 14. Qd3 {[%clk 0:42:09]} c5 {[%clk 1:18:30]} 15. Be3
{[%clk 0:30:08]} c4 {[%clk 1:17:03]} 16. Qd2 {[%clk 0:28:42]} Rb8
{[%clk 1:10:52]} 17. Rab1 {[%clk 0:15:40]} d5 {[%clk 1:07:51]} 18. e5
{[%clk 0:14:19]} b3 {[%clk 0:57:33]} 19. Bd1 {[%clk 0:14:41]} Nec6
{[%clk 0:53:13]} 20. Nc3 {[%clk 0:13:54]} Nb4 {[%clk 0:51:10]} 21. Ra1
{[%clk 0:11:38]} Nac6 {[%clk 0:47:22]} 22. h3 {[%clk 0:10:08]} Bf5
{[%clk 0:47:33]} 23. Ne1 {[%clk 0:08:25]} f6 {[%clk 0:43:51]} 24. f4
{[%clk 0:06:16]} fxe5 {[%clk 0:29:44]} 25. fxe5 {[%clk 0:06:35]} Nc2
{[%clk 0:26:14]} 26. Rc1 {[%clk 0:05:24]} N6b4 {[%clk 0:23:43]} 27. Bf3
{[%clk 0:04:09]} Nxe1 {[%clk 0:22:11]} 28. Rcxe1 {[%clk 0:03:57]} Be6
{[%clk 0:21:37]} 29. Bd1 {[%clk 0:03:07]} Qa5 {[%clk 0:17:21]} 30. Rxf8+
{[%clk 0:01:52]} Rxf8 {[%clk 0:17:39]} 31. Rf1 {[%clk 0:02:04]} Rxf1+
{[%clk 0:16:03]} 32. Kxf1 {[%clk 0:02:33]} Na2 {[%clk 0:16:09]} 33. Ne2
{[%clk 0:00:40]} Qxa4 {[%clk 0:14:00]} 34. Nf4 {[%clk 0:01:06]} Qb5
{[%clk 0:08:31]} 35. Be2 {[%clk 0:00:41]} Bf5 {[%clk 0:08:41]} 36. Kg1
{[%clk 0:00:39]} Bf8 {[%clk 0:06:42]} 37. Qe1 {[%clk 0:00:39]} Nb4
{[%clk 0:03:16]} 38. Bd2 {[%clk 0:00:38]} Nc2 {[%clk 0:03:33]} 39. Qf2
{[%clk 0:00:59]} Nxd4 {[%clk 0:03:36]} 40. Kh1 {[%clk 0:30:34]} Nxe2
{[%clk 0:32:26]} 41. Nxe2 {[%clk 0:30:36]} Bc5 {[%clk 0:29:01]} 42. Nd4
{[%clk 0:20:03]} Qa4 {[%clk 0:26:00]} 43. Bc3 {[%clk 0:15:26]} Qa1+
{[%clk 0:25:56]} 44. Kh2 {[%clk 0:15:47]} Qc1 {[%clk 0:20:06]} 45. Qf3
{[%clk 0:08:42]} Be4 {[%clk 0:18:14]} 46. Qf6 {[%clk 0:08:56]} g5
{[%clk 0:12:29]} 47. Qe6+ {[%clk 0:05:32]} Kg7 {[%clk 0:11:53]} 48. Qf6+
{[%clk 0:04:23]} Kg8 {[%clk 0:12:21]} 49. Qe6+ {[%clk 0:04:16]} Kg7
{[%clk 0:12:45]} 50. Qf6+ {[%clk 0:04:30]} 1/2-1/2

[Event "WYCC Girls U18"]
[Site "Porto Carras"]
[Date "2015.10.26"]
[Round "2.5"]
[White "Khomeriki, Nino"]
[Black "Janzelj, Lara"]
[Result "1-0"]
[BlackElo "2066"]
[WhiteElo "2295"]
[LiveChessVersion "1.4.6"]

1. Nf3 {[%clk 1:30:54]} d5 {[%clk 1:30:50]} 2. g3 {[%clk 1:31:18]} Nf6
{[%clk 1:31:10]} 3. Bg2 {[%clk 1:31:43]} c6 {[%clk 1:31:27]} 4. d3
{[%clk 1:31:32]} Bg4 {[%clk 1:31:15]} 5. Nbd2 {[%clk 1:31:47]} Nbd7
{[%clk 1:27:12]} 6. O-O {[%clk 1:32:05]} e5 {[%clk 1:26:39]} 7. h3
{[%clk 1:32:26]} Bh5 {[%clk 1:25:32]} 8. e4 {[%clk 1:32:49]} Bd6 {[%clk 1:23:45]}
9. exd5 {[%clk 1:32:59]} cxd5 {[%clk 1:23:50]} 10. c4 {[%clk 1:33:23]} O-O
{[%clk 1:23:09]} 11. cxd5 {[%clk 1:33:49]} Nxd5 {[%clk 1:21:52]} 12. Qb3
{[%clk 1:34:09]} N5b6 {[%clk 1:20:15]} 13. Ne4 {[%clk 1:32:38]} Be7
{[%clk 1:11:34]} 14. Be3 {[%clk 1:29:13]} Kh8 {[%clk 1:02:25]} 15. Rac1
{[%clk 1:09:08]} f6 {[%clk 0:52:48]} 16. d4 {[%clk 0:54:01]} Bf7 17. Qb5 Bd5
{[%clk 0:43:55]} 18. Nc5 {[%clk 0:35:15]} Bc6 {[%clk 0:31:45]} 19. Qe2
{[%clk 0:32:37]} Bxc5 {[%clk 0:26:58]} 20. dxc5 {[%clk 0:32:53]} Nd5
{[%clk 0:27:20]} 21. Bd2 {[%clk 0:31:16]} Rc8 {[%clk 0:27:09]} 22. b4
{[%clk 0:29:55]} a6 {[%clk 0:27:32]} 23. Rfd1 {[%clk 0:29:50]} Ba4
{[%clk 0:27:13]} 24. Re1 {[%clk 0:30:09]} Nb8 {[%clk 0:26:17]} 25. Nh4
{[%clk 0:28:25]} Qd7 {[%clk 0:22:57]} 26. Qh5 {[%clk 0:17:33]} Ne7
{[%clk 0:19:08]} 27. Be4 {[%clk 0:16:50]} f5 {[%clk 0:17:45]} 28. Bg5
{[%clk 0:14:49]} g6 {[%clk 0:13:25]} 29. Qh6 {[%clk 0:14:07]} Kg8
{[%clk 0:13:26]} 30. Bxe7 {[%clk 0:13:37]} Rf7 {[%clk 0:12:22]} 31. Bxf5
{[%clk 0:05:56]} gxf5 {[%clk 0:12:34]} 32. Bf6 {[%clk 0:06:14]} Nc6
{[%clk 0:10:43]} 33. Qg5+ {[%clk 0:05:38]} Kf8 {[%clk 0:11:07]} 34. Nxf5
{[%clk 0:05:50]} Nd4 {[%clk 0:11:06]} 35. Nxd4 {[%clk 0:02:17]} exd4
{[%clk 0:11:19]} 36. Qh6+ {[%clk 0:02:15]} Kg8 {[%clk 0:11:32]} 37. Re5
{[%clk 0:02:34]} 1-0

[Event "WYCC Girls U18"]
[Site "Porto Carras"]
[Date "2015.10.26"]
[Round "2.6"]
[White "Heinemann, Josefine"]
[Black "Fuskova, Martina"]
[Result "1/2-1/2"]
[BlackElo "2050"]
[WhiteElo "2253"]
[LiveChessVersion "1.4.6"]

1. e4 {[%clk 1:30:57]} c5 {[%clk 1:30:50]} 2. Nc3 {[%clk 1:31:20]} e6
{[%clk 1:30:29]} 3. Nf3 {[%clk 1:31:39]} d6 {[%clk 1:27:08]} 4. d4
{[%clk 1:32:04]} cxd4 {[%clk 1:27:21]} 5. Nxd4 {[%clk 1:32:28]} Nf6
{[%clk 1:27:14]} 6. g4 {[%clk 1:32:34]} h6 {[%clk 1:27:06]} 7. h3
{[%clk 1:32:49]} a6 {[%clk 1:25:38]} 8. Bg2 {[%clk 1:33:06]} Qc7 {[%clk 1:22:58]}
9. Be3 {[%clk 1:32:05]} b5 {[%clk 1:21:26]} 10. O-O {[%clk 1:29:32]} Bb7
{[%clk 1:21:17]} 11. a3 {[%clk 1:25:04]} Nbd7 {[%clk 1:17:10]} 12. Nde2
{[%clk 1:17:57]} Be7 {[%clk 1:12:14]} 13. f4 {[%clk 1:16:50]} Rc8
{[%clk 1:09:19]} 14. Qd2 {[%clk 1:09:51]} Nb6 {[%clk 1:06:39]} 15. Qc1
{[%clk 1:01:13]} Nc4 {[%clk 1:03:55]} 16. Bf2 {[%clk 0:59:56]} g5
{[%clk 0:48:05]} 17. b3 {[%clk 0:57:26]} Nb6 {[%clk 0:48:03]} 18. fxg5
{[%clk 0:57:42]} hxg5 {[%clk 0:48:23]} 19. Be3 {[%clk 0:56:03]} Nh7
{[%clk 0:47:53]} 20. Bd4 {[%clk 0:52:05]} Rg8 {[%clk 0:47:15]} 21. Qe1
{[%clk 0:48:25]} Nd7 {[%clk 0:44:26]} 22. Qf2 {[%clk 0:47:52]} Bf6
{[%clk 0:44:07]} 23. Kh1 {[%clk 0:45:22]} Ne5 {[%clk 0:42:44]} 24. Rad1
{[%clk 0:41:04]} Rg6 {[%clk 0:34:14]} 25. Ng3 {[%clk 0:37:11]} Nc6
{[%clk 0:27:12]} 26. Bb6 {[%clk 0:35:24]} Qe7 {[%clk 0:26:28]} 27. Nce2
{[%clk 0:26:10]} Be5 {[%clk 0:23:29]} 28. c4 {[%clk 0:23:25]} bxc4
{[%clk 0:23:08]} 29. bxc4 {[%clk 0:23:50]} Rf6 {[%clk 0:18:27]} 30. Qe3
{[%clk 0:23:08]} Rxf1+ {[%clk 0:18:42]} 31. Rxf1 {[%clk 0:22:55]} Nf8
{[%clk 0:18:58]} 32. c5 {[%clk 0:22:12]} Nd7 {[%clk 0:15:32]} 33. cxd6
{[%clk 0:20:40]} Bxd6 {[%clk 0:15:51]} 34. Nh5 {[%clk 0:18:36]} Be5
{[%clk 0:14:54]} 35. Qf2 {[%clk 0:15:33]} Nxb6 {[%clk 0:14:11]} 36. Qxb6
{[%clk 0:15:57]} Qc7 {[%clk 0:13:32]} 37. Qe3 {[%clk 0:16:21]} Qe7
{[%clk 0:13:42]} 38. Qb6 {[%clk 0:14:27]} Qc7 {[%clk 0:13:16]} 39. Qe3
{[%clk 0:14:25]} Qe7 {[%clk 0:13:33]} 1/2-1/2

[Event "WYCC Girls U18"]
[Site "Porto Carras"]
[Date "2015.10.26"]
[Round "2.7"]
[White "Gholami Orimi, Anahita"]
[Black "Uuriintuya, Uurtsaikh"]
[Result "1/2-1/2"]
[BlackElo "2237"]
[WhiteElo "2058"]
[LiveChessVersion "1.4.6"]

1. d4 {[%clk 1:30:52]} Nf6 {[%clk 1:30:56]} 2. Nf3 {[%clk 1:31:10]} g6
{[%clk 1:31:17]} 3. g3 {[%clk 1:31:32]} Bg7 {[%clk 1:31:40]} 4. Bg2
{[%clk 1:31:55]} O-O {[%clk 1:32:00]} 5. O-O {[%clk 1:32:20]} d6 {[%clk 1:32:22]}
6. b3 {[%clk 1:32:42]} e5 {[%clk 1:23:40]} 7. dxe5 {[%clk 1:32:29]} Ng4
{[%clk 1:24:00]} 8. Bb2 {[%clk 1:31:44]} Nd7 {[%clk 1:24:00]} 9. c4
{[%clk 1:30:06]} dxe5 {[%clk 1:19:57]} 10. h3 {[%clk 1:27:09]} Nh6
{[%clk 1:18:29]} 11. Qc1 {[%clk 1:22:46]} Re8 {[%clk 1:14:33]} 12. Rd1
{[%clk 1:18:25]} Qe7 {[%clk 1:02:31]} 13. Ng5 {[%clk 1:10:07]} Nf5
{[%clk 0:44:25]} 14. Ba3 {[%clk 0:59:32]} Qf6 {[%clk 0:39:03]} 15. Ne4
{[%clk 0:57:25]} Qd8 {[%clk 0:34:58]} 16. Nbc3 {[%clk 0:54:28]} c6
{[%clk 0:29:07]} 17. e3 {[%clk 0:48:59]} Bf8 {[%clk 0:26:22]} 18. c5
{[%clk 0:44:17]} Qc7 {[%clk 0:25:45]} 19. Rd3 {[%clk 0:42:33]} Be7
{[%clk 0:22:52]} 20. Qb2 {[%clk 0:38:34]} Nf6 {[%clk 0:21:23]} 21. Nd6
{[%clk 0:36:29]} Rd8 {[%clk 0:21:10]} 22. Rad1 {[%clk 0:35:59]} Be6
{[%clk 0:21:03]} 23. Ne2 {[%clk 0:30:52]} Nd7 {[%clk 0:18:07]} 24. Qc3
{[%clk 0:29:02]} Bf8 {[%clk 0:15:11]} 25. Ne4 {[%clk 0:27:17]} h6
{[%clk 0:14:20]} 26. Qc1 {[%clk 0:23:09]} Be7 {[%clk 0:14:05]} 27. Nd6
{[%clk 0:21:29]} Ng7 {[%clk 0:12:51]} 28. b4 {[%clk 0:20:09]} Bxa2
{[%clk 0:11:43]} 29. b5 {[%clk 0:19:54]} f5 {[%clk 0:10:00]} 30. Nxb7
{[%clk 0:17:09]} e4 {[%clk 0:08:46]} 31. R3d2 {[%clk 0:16:41]} Qxb7
{[%clk 0:08:29]} 32. bxc6 {[%clk 0:15:39]} Qxc6 {[%clk 0:08:41]} 33. Rxa2
{[%clk 0:16:04]} Rdc8 {[%clk 0:02:55]} 34. Qc4+ {[%clk 0:15:15]} Kf8
{[%clk 0:03:08]} 35. Nd4 {[%clk 0:15:13]} Qf6 {[%clk 0:03:11]} 36. c6
{[%clk 0:10:43]} Ne5 {[%clk 0:03:39]} 37. Bxe7+ {[%clk 0:10:50]} Qxe7
{[%clk 0:04:02]} 38. Qa6 {[%clk 0:10:42]} Ne6 {[%clk 0:03:10]} 39. Rc2
{[%clk 0:09:52]} Rc7 {[%clk 0:01:01]} 40. Nb5 {[%clk 0:38:38]} Rcc8
{[%clk 0:30:29]} 41. Bf1 {[%clk 0:29:32]} Nc5 {[%clk 0:24:25]} 42. Qa3
{[%clk 0:27:25]} Ncd3 {[%clk 0:20:34]} 43. Qxe7+ {[%clk 0:23:27]} Kxe7
{[%clk 0:20:09]} 44. Bxd3 {[%clk 0:23:06]} exd3 {[%clk 0:12:55]} 45. Rc5
{[%clk 0:21:38]} Nxc6 {[%clk 0:11:30]} 46. Rxd3 {[%clk 0:20:46]} 1/2-1/2